| 000 | 00789cad a22002175a 4500 | ||
|---|---|---|---|
| 001 | L153222 | ||
| 008 | 120619s2011 xxk f 000 0 eng d | ||
| 035 | _a(Sirsi) u153222 | ||
| 041 | 0 | _aeng | |
| 050 | 0 | 4 | _a306.1 $2 18 |
| 110 | 2 |
_aSavills _92020 |
|
| 245 | 0 | 4 |
_aThe world in London _h[electronic resource] |
| 260 |
_aLondon _cSavills _b2011 |
||
| 490 | 0 | _aSavills Research | |
| 520 | _aLondon's prime residential market attracts global investment. Regional breakdown of capital invested. | ||
| 590 | _aKA | ||
| 651 | 4 | _aLondon | |
| 690 | _aPROPERTY-RESIDENTIAL PROPERTY-RESIDENTIAL PROPERTY MARKET | ||
| 856 | 4 | 0 |
_uhttps://pdf.euro.savills.co.uk/residential---other/the-world-in-london---summer-2011.pdf _zView the report after free registration at www.savills.co.uk |
| 942 | _n0 | ||
| 999 |
_c112422 _d112422 |
||